[Event "BL 1112 (Women)"]
[White "Kachiani Gersinska, Ketino"]
[Black "Steinbacher, Claudia"]
[Site "Germany"]
[Round "11.3"]
[Result "1-0"]
[Date "2012.04.22"]
[WhiteElo "2319"]
[BlackElo "2106"]
[PlyCount "81"]
[EventDate "2011.10.29"]
[EventType "team-tourn"]
[EventRounds "11"]
[EventCountry "GER"]
[SourceTitle "EXT 2013"]
[Source "ChessBase"]
[SourceDate "2012.11.22"]
[SourceVersion "1"]
[SourceVersionDate "2012.11.22"]
[SourceQuality "1"]
[WhiteTeam "Baden-Baden (W)"]
[BlackTeam "Rodewisch (W)"]
[WhiteTeamCountry "GER"]
[BlackTeamCountry "GER"]

1. d4 Nf6 2. c4 e6 3. g3 d5 4. Nf3 b6 5. Bg2 Bb7 6. cxd5 exd5 7. Nc3 Be7 8. 0-0 0-0 9. Ne5 Nbd7 10. Qa4 Nb8 11. Rd1 a6 12. Qb3 b5 13. Bg5 c6 14. Bxf6 Bxf6 15. e4 Bxe5 16. dxe5 d4 17. Qb4 d3 18. Qd6 Nd7 19. e6 Nb6 20. exf7+ Rxf7 21. Qxd3 Qf6 22. f4 Nc4 23. Qe2 Raf8 24. e5 Qe7 25. Ne4 Qc7 26. b3 Nb6 27. Ng5 Re7 28. Qc2 g6 29. Qc5 Rfe8 30. Rac1 Nd7 31. Qd6 Qb6+ 32. Kh1 Qe3 33. Qd2 Qb6 34. Qd6 Qe3 35. Qd4 Qe2 36. Rd2 Qg4 37. Ne4 Qe6 38. Qd6 Qxd6 39. Nxd6 Rb8 40. Nxb7 Rxb7 41. Bxc6 1-0

[Event "BL 1112 (Women)"]
[White "Fuchs, Judith"]
[Black "Steinbacher, Claudia"]
[Site "Germany"]
[Round "4.5"]
[Result "1-0"]
[Date "2011.11.27"]
[WhiteElo "2217"]
[BlackElo "2106"]
[PlyCount "45"]
[EventDate "2011.10.29"]
[EventType "team-tourn"]
[EventRounds "11"]
[EventCountry "GER"]
[SourceTitle "EXT 2013"]
[Source "ChessBase"]
[SourceDate "2012.11.22"]
[SourceVersion "1"]
[SourceVersionDate "2012.11.22"]
[SourceQuality "1"]
[WhiteTeam "Hamburger SK (W)"]
[BlackTeam "Rodewisch (W)"]
[WhiteTeamCountry "GER"]
[BlackTeamCountry "GER"]

1. e4 d5 2. exd5 Qxd5 3. Nc3 Qd6 4. d4 Nf6 5. Nf3 Bg4 6. Bc4 c6 7. Be3 e6 8. h3 Bh5 9. g4 Bg6 10. Qe2 Nbd7 11. 0-0-0 Nb6 12. Bb3 Qc7 13. Ne5 0-0-0 14. h4 Be4 15. Nxe4 Nxe4 16. Bf4 Nd6 17. Nxf7 Nd5 18. Bxd5 exd5 19. Qe6+ Qd7 20. Qxd7+ Rxd7 21. Nxh8 Ne4 22. Rhf1 Bd6 23. Be5 1-0

[Event "BL 1011 (Women)"]
[White "Steinbacher, Claudia"]
[Black "Beltz, Carmen"]
[Site "Germany"]
[Round "8.6"]
[Result "1-0"]
[Date "2011.02.19"]
[WhiteElo "2128"]
[BlackElo "1972"]
[PlyCount "117"]
[EventDate "2010.11.06"]
[EventType "team-tourn"]
[EventRounds "11"]
[EventCountry "GER"]
[SourceTitle "EXT 2012"]
[Source "ChessBase"]
[SourceDate "2011.11.24"]
[SourceVersion "1"]
[SourceVersionDate "2011.11.24"]
[SourceQuality "1"]
[WhiteTeam "Rodewisch (W)"]
[BlackTeam "Leipzig Gohlis (W)"]
[WhiteTeamCountry "GER"]
[BlackTeamCountry "GER"]

1. d4 Nf6 2. c4 c5 3. d5 b5 4. Nf3 g6 5. e3 d6 6. cxb5 a6 7. Nc3 Bg7 8. Be2 0-0 9. 0-0 Nbd7 10. Re1 Nb6 11. e4 axb5 12. Bxb5 Bb7 13. Bg5 h6 14. Bd2 Qc7 15. Bd3 Ba6 16. Qe2 Bxd3 17. Qxd3 Qb7 18. Rab1 Na4 19. Nxa4 Rxa4 20. a3 Rb8 21. Bc3 Nd7 22. Bxg7 Kxg7 23. Nd2 Nb6 24. h3 Kh7 25. Qf3 Kg7 26. Qc3+ Kg8 27. Qc1 Qa6 28. Ra1 Qb5 29. b3 Ra7 30. Qc3 Rba8 31. a4 Qa5 32. Qxa5 Rxa5 33. Rac1 R5a7 34. Rc3 Rb7 35. Rb1 Rab8 36. a5 Nc8 37. Kf1 Na7 38. Nc4 Rb4 39. f3 Nb5 40. Rcc1 Nd4 41. Nd2 Nxb3 42. Nxb3 Rxb3 43. Rxb3 Rxb3 44. Ra1 Rb8 45. Ke2 Kf8 46. Kd3 Ke8 47. Kc4 Kd7 48. e5 Rb4+ 49. Kc3 Kc7 50. exd6+ exd6 51. a6 Rb8 52. a7 Ra8 53. Ra6 Kb7 54. Rxd6 Kxa7 55. Kc4 Rf8 56. Rf6 Kb7 57. Kxc5 Kc7 58. d6+ Kd7 59. Kd5 1-0

[Event "BL 1011 (Women)"]
[White "Straub, Natalia"]
[Black "Steinbacher, Claudia"]
[Site "Germany"]
[Round "7.5"]
[Result "1/2-1/2"]
[Date "2011.01.30"]
[WhiteElo "2224"]
[BlackElo "2128"]
[PlyCount "33"]
[EventDate "2010.11.06"]
[EventType "team-tourn"]
[EventRounds "11"]
[EventCountry "GER"]
[SourceTitle "EXT 2012"]
[Source "ChessBase"]
[SourceDate "2011.11.24"]
[SourceVersion "1"]
[SourceVersionDate "2011.11.24"]
[SourceQuality "1"]
[WhiteTeam "Halle Volksbank (W)"]
[BlackTeam "Rodewisch (W)"]
[WhiteTeamCountry "GER"]
[BlackTeamCountry "GER"]

1. d4 Nf6 2. c4 e6 3. g3 d5 4. Nf3 Be7 5. Bg2 0-0 6. 0-0 c5 7. cxd5 Nxd5 8. e4 Nb6 9. Nc3 Nc6 10. dxc5 Qxd1 11. Rxd1 Bxc5 12. Bf4 f6 13. Rac1 e5 14. Nb5 exf4 15. Rxc5 fxg3 16. hxg3 Bg4 17. Rdc1 1/2-1/2

[Event "BL 1011 (Women)"]
[White "Reiter, Brigitte"]
[Black "Steinbacher, Claudia"]
[Site "Germany"]
[Round "4.6"]
[Result "1/2-1/2"]
[Date "2010.12.05"]
[WhiteElo "1805"]
[BlackElo "2128"]
[PlyCount "133"]
[EventDate "2010.11.06"]
[EventType "team-tourn"]
[EventRounds "11"]
[EventCountry "GER"]
[SourceTitle "EXT 2012"]
[Source "ChessBase"]
[SourceDate "2011.11.24"]
[SourceVersion "1"]
[SourceVersionDate "2011.11.24"]
[SourceQuality "1"]
[WhiteTeam "Muelheim Nord (W)"]
[BlackTeam "Rodewisch (W)"]
[WhiteTeamCountry "GER"]
[BlackTeamCountry "GER"]

1. d4 Nf6 2. Nf3 e6 3. Bf4 c5 4. c3 Nc6 5. e3 d5 6. Bd3 Be7 7. Nbd2 a6 8. h3 b6 9. Ne5 Nxe5 10. Bxe5 0-0 11. g4 Nd7 12. Bg3 Bb7 13. h4 Re8 14. Nf3 Nf8 15. Qe2 Bd6 16. Bxd6 Qxd6 17. 0-0-0 b5 18. Kb1 c4 19. Bc2 b4 20. Qd2 a5 21. Rhg1 Reb8 22. Rde1 Bc6 23. Ne5 Be8 24. Bd1 f6 25. Nf3 Bg6+ 26. Bc2 bxc3 27. Qxc3 Qb4 28. Qxb4 axb4 29. Bxg6 Nxg6 30. h5 Ne7 31. e4 Kf7 32. g5 h6 33. g6+ Kf8 34. exd5 exd5 35. Re6 Nf5 36. Rge1 Re8 37. Rb6 Rxe1+ 38. Nxe1 Nxd4 39. Rxb4 Re8 40. Nc2 Ne2 41. Ne3 Nf4 42. Rb7 Re5 43. Rb8+ Ke7 44. Rb7+ Ke6 45. Rxg7 Rxh5 46. a4 Rg5 47. a5 Nd3 48. a6 Nb4 49. Kc1 Nxa6 50. Ra7 Nc5 51. g7 h5 52. Kc2 Nd3 53. b3 Nxf2 54. bxc4 dxc4 55. Nxc4 h4 56. Nd2 Rc5+ 57. Kb2 Rc8 58. Nf3 h3 59. Nh2 f5 60. Nf3 Kf6 61. Rd7 Rg8 62. Rd2 Ng4 63. Kc2 Rxg7 64. Kd1 Re7 65. Rd6+ Re6 66. Rxe6+ Kxe6 67. Ng5+ 1/2-1/2

[Event "BL 0910 (Women)"]
[White "Steinbacher, Claudia"]
[Black "Mader, Manuela"]
[Site "Germany"]
[Round "10.2"]
[Result "0-1"]
[Date "2010.03.27"]
[WhiteElo "2158"]
[BlackElo "2185"]
[PlyCount "136"]
[EventDate "2009.11.07"]
[EventType "team-tourn"]
[EventRounds "11"]
[EventCountry "GER"]
[SourceTitle "CBM 133 Extra"]
[Source "ChessBase"]
[SourceDate "2010.01.05"]
[SourceVersion "1"]
[SourceVersionDate "2010.01.05"]
[SourceQuality "1"]
[WhiteTeam "Rodewisch (W)"]
[BlackTeam "Karlsruhe 1853 (W)"]
[WhiteTeamCountry "GER"]
[BlackTeamCountry "GER"]

1. d4 Nf6 2. c4 g6 3. Nc3 Bg7 4. e4 d6 5. f3 0-0 6. Be3 Nbd7 7. Qd2 c5 8. Nge2 Qa5 9. Nc1 cxd4 10. Bxd4 Nc5 11. Rb1 Ne6 12. Be3 Bd7 13. Be2 Rfc8 14. 0-0 Qd8 15. Rd1 Nc5 16. b3 a6 17. Nd3 Nxd3 18. Bxd3 Bc6 19. Ne2 Nd7 20. Nd4 Nc5 21. Be2 Bd7 22. Rbc1 b6 23. Bh6 Bh8 24. Qe3 Ne6 25. Nxe6 Bxe6 26. f4 Qc7 27. Bf3 Rab8 28. f5 Bd7 29. fxg6 hxg6 30. Qf2 Be5 31. Rd5 Be6 32. Rdd1 Qb7 33. Be3 a5 34. Rf1 f6 35. Qh4 Qd7 36. Be2 Rf8 37. Rcd1 Rf7 38. Qf2 Qc6 39. Bd3 Rh7 40. Bf4 Bxf4 41. Qxf4 Kg7 42. Rde1 Rbh8 43. Rf2 Qc5 44. Ree2 Rh4 45. Qg3 Qh5 46. Rf5 Bxf5 47. exf5 Rg4 48. Rxe7+ Kf8 49. Qxd6 Qxh2+ 50. Qxh2 Rxh2 51. Kxh2 Kxe7 52. fxg6 Rd4 53. Bf5 Rd2 54. a4 Rb2 55. c5 bxc5 56. Be4 Rd2 57. Kg3 Rd4 58. Kf3 Kf8 59. Ke3 Kg7 60. g3 Rb4 61. Bc2 f5 62. Bxf5 Rxb3+ 63. Kf4 Rb4+ 64. Ke5 Rxa4 65. Kd5 c4 66. Kd4 Rb4 67. g4 a4 68. Kc3 a3 0-1